Makroekonomické súvislosti zamestnanosti v transformujúcej sa ekonomike Slovenska
Problémy súvisiace s vývojom zamestnanosti v transformujúcej sa ekonomike. Vzťah medzi ekonomickým rastom a zamestnanosťou - tzv. prah zamestnanosti. Problémy nadzamestnanosti. Vzťah medzi zamestnanosťou a vývojom cien (Phillipsova krivka). Porovnanie priemernej mesačnej reálnej mzdy s produktivitou...
Na minha lista:
| Autor principal: | |
|---|---|
| Formato: | Capítulo de Livro |
| Idioma: | eslovaco |
| Assuntos: | |
| Tags: |
Sem tags, seja o primeiro a adicionar uma tag!
|
MARC
| LEADER | 00000naa a2200000 4500 | ||
|---|---|---|---|
| 001 | r019420 | ||
| 005 | 20221205101608.9 | ||
| 041 | 0 | |a slo | |
| 044 | |a SK | ||
| 245 | 1 | 0 | |a Makroekonomické súvislosti zamestnanosti v transformujúcej sa ekonomike Slovenska |c P. Kárász |
| 520 | |a Problémy súvisiace s vývojom zamestnanosti v transformujúcej sa ekonomike. Vzťah medzi ekonomickým rastom a zamestnanosťou - tzv. prah zamestnanosti. Problémy nadzamestnanosti. Vzťah medzi zamestnanosťou a vývojom cien (Phillipsova krivka). Porovnanie priemernej mesačnej reálnej mzdy s produktivitou práce. | ||
| 610 | 2 | 0 | |a zamestnanosť |
| 610 | 2 | 0 | |a transformácia |
| 610 | 2 | 0 | |a rast hospodársky |
| 610 | 2 | 0 | |a Slovensko |
| 610 | 2 | 0 | |a produkt domáci hrubý |
| 610 | 2 | 0 | |a ceny |
| 610 | 2 | 0 | |a Phillipsova krivka |
| 610 | 2 | 0 | |a mzdy |
| 610 | 2 | 0 | |a trh práce |
| 610 | 2 | 0 | |a mzdy mesačné |
| 610 | 2 | 0 | |a produktivita práce |
| 100 | 1 | |a Kárász, Pavol | |